00362nam a22001457a 450000500170000001000130001702000230003003500130005303700200006608200110008624500500009726000310014730000220017870000160020020180814153313.0 aB-217640 a8188583723c925.00 aB-217640 bReference Press a954.31 aThe Beautiful India:bTamil NaducS.A. Rahman aNew DelhibReference Press a418p.c22cm (hbk) aS.A. Rahman